000 00733nam a2200229 u 4500
005 20220816063940.0
008 080623s2001 es r 000 0 spa d
020 _a8478644318
035 _aUPN01000157289
049 _aI
050 4 _aPZ76.3
_bA4.6
100 1 _aAlcántara, Ricardo,
_d1946-
_930578
245 1 1 _a¡Oh, qué voz tiene el león! /
_cRicardo Alcántara, Emilio Urberuaga.
260 _aMadrid :
_bCombel,
_c2001.
300 _a22 p. :
_bil. col.
440 0 _aCaballo alado.
_pAl trote
650 4 _aCUENTOS INFANTILES URUGUAYOS
_911547
650 4 _aLEONES -
_vCUENTOS Y LEYENDAS
_910311
650 0 _aAmistad en la literatura
_910763
700 1 _aUrberuaga, Emilio,
_d1954-
_ecoaut.
_931015
905 _aInfantil
999 _c129403
_d129403